Personnages Histoire - Statistiques

Statistiques générales
  • Ce quiz a été pris 86 fois
  • Le résultat moyen est 5 sur 28
Statistiques - réponses
Par images Réponse % Correct
Adolf Hitler
97%
Charles de Gaulle
97%
Joseph Staline
95%
Winston Churchill
88%
Benito Mussolini
60%
Franklin Delano Roosevelt
38%
René Lévesque
6%
Wilfrid Laurier
6%
Maurice Duplessis
5%
Pierre Elliott Trudeau
5%
Robert Bourassa
5%
Thérèse Casgrain
5%
Abbé Lionel-Groulx
3%
Henri Bourassa
3%
Idola Saint-Jean
3%
Michel Chartrand
3%
Pierre Laporte
3%
Robert Borden
3%
Adélard Godbout
1%
Daniel Johnson
1%
Jean Lesage
1%
Louis-Alexandre Taschereau
1%
Madeleine Parent
1%
Marie Gérin-Lajoie
1%
Mgr. Joseph Charbonneau
1%
Paul-Émile Borduas
1%
Richard B. Bennett
1%
William Lyon Mackenzie King
1%
Aucun quiz correspondant
Distribution des résultats
% des personnes avec chaque résultat
Percentile par nombre de réponses
Votre historique - résultats
Vous n’avez pas pris ce quiz